[Event "9. Longericher Sommer-Open"]
[Site "9. Longericher Sommer-Open"]
[Date "2012.08.03"]
[Round "1.25"]
[White "Flüchter, Markus"]
[Black "Rebischke, Florian"]
[Result "1-0"]
[WhiteElo "1504"]
[BlackElo "1305"]
[PlyCount "35"]
[EventDate "2012.??.??"]
[WhiteTeam "SV Soest 1926"]
[BlackTeam "SF Köln-Mülheim e.V."]

1. e4 e6 2. d4 d5 3. e5 c5 4. Nf3 cxd4 5. Qxd4 Ne7 6. Bg5 Qc7 7. Nc3 Bd7 8. Nb5
Qa5+ 9. b4 Nbc6 10. Nd6+ Kd8 11. bxa5 Nxd4 12. Nxd4 Be8 13. Rb1 Rb8 14. Bb5 h6
15. Bxe7+ Kxe7 16. Bxe8 Rxe8 17. Rxb7+ Kd8 18. Nc6# 1-0

[Event "9. Longericher Sommer-Open"]
[Site "9. Longericher Sommer-Open"]
[Date "2012.08.03"]
[Round "1.27"]
[White "Sewald, Richard"]
[Black "Yon, Gregory"]
[Result "1-0"]
[WhiteElo "1096"]
[BlackElo "1418"]
[PlyCount "133"]
[EventDate "2012.??.??"]
[WhiteTeam "SG Porz e.V."]
[BlackTeam "Turnerschaft Bergisch-Gladbach 1"]

1. e4 d6 2. Nf3 e5 3. Bc4 Bg4 4. Nc3 Nf6 5. h3 Bxf3 6. Qxf3 Nbd7 7. d3 Be7 8.
Bg5 c6 9. O-O b5 10. Bb3 Nc5 11. Be3 Nxb3 12. axb3 a6 13. Ne2 O-O 14. d4 Nd7
15. c4 Bg5 16. Ng3 exd4 17. Bxd4 c5 18. Be3 Ne5 19. Qe2 Bxe3 20. fxe3 b4 21.
Rfd1 g6 22. Rd2 Qg5 23. Kh2 Rfd8 24. Rad1 Qe7 25. Nh1 Qf6 26. Rf1 Qe6 27. Nf2
a5 28. Ng4 Nxg4+ 29. Qxg4 Qxg4 30. hxg4 Ra6 31. Rf6 Kg7 32. e5 h6 33. Rfxd6
Rdxd6 34. exd6 Ra8 35. e4 f6 36. Rd5 Rd8 37. Kg3 g5 38. Rxc5 Rxd6 39. Rd5 Re6
40. Kf3 Ra6 41. Ke3 Kg6 42. Kd4 h5 43. c5 a4 44. bxa4 Rxa4 45. Kc4 Ra2 46. Kb3
Ra1 47. Kxb4 Rg1 48. Rd2 Re1 49. Kb5 Rxe4 50. gxh5+ Kxh5 51. c6 f5 52. c7 Re5+
53. Kb6 Re6+ 54. Kb7 Re7 55. Kb8 Rxc7 56. Kxc7 f4 57. b4 g4 58. b5 Kh4 59. b6
Kg3 60. b7 f3 61. gxf3 gxf3 62. b8=Q f2 63. Kc6+ Kg2 64. Qf8 Kh3 65. Rxf2 Kg3
66. Qf4+ Kh3 67. Rh2# 1-0

[Event "9. Longericher Sommer-Open"]
[Site "9. Longericher Sommer-Open"]
[Date "2012.08.04"]
[Round "2.1"]
[White "Plitt, Stefan"]
[Black "Schwark, Mario"]
[Result "0-1"]
[WhiteElo "1652"]
[BlackElo "1746"]
[PlyCount "52"]
[EventDate "2012.??.??"]
[WhiteTeam "SV Grünfeld e.V."]
[BlackTeam "SG Kalker/Deutze"]

1. Nf3 d5 2. c4 dxc4 3. e4 b5 4. a4 c6 5. axb5 cxb5 6. b3 Bb7 7. bxc4 Nf6 8. d3
bxc4 9. Qa4+ Qd7 10. Qxc4 Nc6 11. Be3 e6 12. Nbd2 a5 13. Bc5 Be7 14. Bxe7 Qxe7
15. Be2 O-O 16. O-O Nb4 17. Ne5 Rfc8 18. Qb3 Rc2 19. Nec4 Nd7 20. Bd1 Nc5 21.
Qb1 Rxd2 22. Nxd2 Ncxd3 23. Be2 Nf4 24. Bf3 Qg5 25. Qd1 Ba6 26. Re1 Nh3+ 0-1

[Event "9. Longericher Sommer-Open"]
[Site "9. Longericher Sommer-Open"]
[Date "2012.08.04"]
[Round "2.2"]
[White "Margenberg, Volker"]
[Black "Schnier, Steffen"]
[Result "1/2-1/2"]
[WhiteElo "1724"]
[BlackElo "1610"]
[PlyCount "58"]
[EventDate "2012.??.??"]
[WhiteTeam "SV Wiehl 1923 e.V."]
[BlackTeam "SV Bad Essen"]

1. d4 Nf6 2. c4 e5 3. dxe5 Ng4 4. Nf3 Nc6 5. Bf4 Bb4+ 6. Nc3 Qe7 7. Qd5 Bxc3+
8. bxc3 f6 9. exf6 Nxf6 10. Qd3 d6 11. e3 O-O 12. Be2 Be6 13. Nd4 Ne5 14. Bxe5
dxe5 15. Nxe6 Qxe6 16. O-O Rad8 17. Qc2 Nd7 18. Rfd1 Nc5 19. Rxd8 Rxd8 20. Rd1
Rxd1+ 21. Qxd1 Qd6 22. Qc2 Qe6 23. f3 Qh6 24. Qd2 Qd6 25. Qc1 Qa6 26. Qb2 Qh6
27. Qd2 Qd6 28. Qe1 Nd3 29. Qd1 Nc5 1/2-1/2

[Event "9. Longericher Sommer-Open"]
[Site "9. Longericher Sommer-Open"]
[Date "2012.08.04"]
[Round "2.3"]
[White "Heinrich, Philipp"]
[Black "Herms, Stefan"]
[Result "1/2-1/2"]
[WhiteElo "1643"]
[BlackElo "1720"]
[PlyCount "23"]
[EventDate "2012.??.??"]
[WhiteTeam "SK Haseturm Löningen"]
[BlackTeam "SC Erkrath 1973"]

1. d4 e6 2. c4 b6 3. Nf3 Bb7 4. e3 f5 5. Nc3 Nf6 6. g3 Bb4 7. Bg2 Ne4 8. Bd2
Bxc3 9. Bxc3 d6 10. O-O Nd7 11. Nd2 Nxd2 12. Qxd2 1/2-1/2

[Event "9. Longericher Sommer-Open"]
[Site "9. Longericher Sommer-Open"]
[Date "2012.08.04"]
[Round "2.4"]
[White "Stadtfeld, Martin"]
[Black "Beißel, Daniel"]
[Result "1-0"]
[WhiteElo "1720"]
[BlackElo "1599"]
[PlyCount "153"]
[EventDate "2012.??.??"]
[WhiteTeam "SC Jünkerath"]
[BlackTeam "SV Horrem 1948"]

1. d4 Nf6 2. c4 g6 3. Nf3 Bg7 4. Nc3 d5 5. g3 c6 6. Bg2 dxc4 7. O-O O-O 8. Ne5
Be6 9. e4 Qc8 10. Re1 Nbd7 11. Nf3 Bg4 12. a4 e5 13. d5 cxd5 14. Nxd5 Nxd5 15.
Qxd5 Nb6 16. Qb5 Qd7 17. Qb4 Qc6 18. Be3 Rfd8 19. a5 Nd7 20. Rac1 Be6 21. Nd2
Bf8 22. Qc3 b5 23. axb6 Nxb6 24. Nxc4 Qxc4 25. Qxe5 Qa6 26. Bd4 Rxd4 27. Qxd4
Qa4 28. Qe3 Rd8 29. Ra1 Qd7 30. Rec1 Qd2 31. Rxa7 Qxb2 32. Rb7 Ba3 33. Re1 Nc4
34. Qg5 Qd2 35. Qxd2 Rxd2 36. Bf1 Ne5 37. Kg2 Bh3+ 38. Kxh3 Rxf2 39. Ba6 Nf3
40. Rf1 Rxh2+ 41. Kg4 Ne5+ 42. Kf4 Bd6 43. Rb5 Nc4+ 44. e5 g5+ 45. Kf5 Ne3+ 46.
Ke4 Nxf1 47. exd6 Rd2 48. Rxg5+ Kf8 49. Bxf1 Rxd6 50. Bd3 h6 51. Rg4 Rb6 52.
Bc4 Rf6 53. Ke5 Ke7 54. Rf4 Rg6 55. Rxf7+ Ke8 56. Kf4 h5 57. Rc7 Kd8 58. Rc5
Rg4+ 59. Kf3 Rd4 60. Rd5+ Rxd5 61. Bxd5 Ke7 62. Kf4 Kf6 63. Be4 h4 64. g4 h3
65. Kg3 h2 66. Kxh2 Ke5 67. g5 Ke6 68. Kg3 Ke5 69. Kg4 Ke6 70. Kf4 Ke7 71. Kf5
Kf7 72. Kg4 Ke6 73. Kh5 Kf7 74. Kh6 Kg8 75. g6 Kh8 76. g7+ Kg8 77. Bd5# 1-0

[Event "9. Longericher Sommer-Open"]
[Site "9. Longericher Sommer-Open"]
[Date "2012.08.04"]
[Round "2.5"]
[White "Busse, Alexander"]
[Black "Stelzer, Wolfgang"]
[Result "1-0"]
[WhiteElo "1600"]
[BlackElo "1710"]
[PlyCount "63"]
[EventDate "2012.??.??"]
[WhiteTeam "Brühler SK 1920 e.V."]
[BlackTeam "SC Wittlich 1947"]

1. f4 d5 2. Nf3 Nf6 3. b3 g6 4. Bb2 Bg7 5. e3 O-O 6. h3 Ne4 7. Bxg7 Kxg7 8. g4
Ng3 9. Rg1 Nxf1 10. Rxf1 Nc6 11. Nc3 e6 12. Qe2 Nb4 13. O-O-O c5 14. a3 Nc6 15.
g5 a6 16. d4 Qa5 17. Kb2 b5 18. e4 b4 19. axb4 Qxb4 20. exd5 exd5 21. Nxd5 Qb5
22. c4 Qb7 23. Nf6 Rb8 24. Nd2 Nxd4 25. Qe5 Ne6 26. Ng4+ f6 27. gxf6+ Kf7 28.
Nh6+ Ke8 29. f7+ Rxf7 30. f5 gxf5 31. Nxf7 Kxf7 32. Qxf5+ 1-0

[Event "9. Longericher Sommer-Open"]
[Site "9. Longericher Sommer-Open"]
[Date "2012.08.04"]
[Round "2.7"]
[White "Sewald, Jörg"]
[Black "Trinkl, Andreas"]
[Result "0-1"]
[WhiteElo "1538"]
[BlackElo "1677"]
[PlyCount "50"]
[EventDate "2012.??.??"]
[WhiteTeam "SF Esch e.V."]
[BlackTeam "SV 1947 Walldorf"]

1. Nf3 Nf6 2. g3 c5 3. Bg2 Nc6 4. d3 d5 5. O-O e5 6. Bg5 Be7 7. c3 h6 8. Bd2
O-O 9. Ne1 Be6 10. f4 exf4 11. Bxf4 Qd7 12. Qc2 Bh3 13. Nf3 Bxg2 14. Kxg2 d4
15. Ne5 Nxe5 16. Bxe5 Qd5+ 17. Rf3 Qxe5 18. Nd2 Qxe2+ 19. Rf2 Qh5 20. h3 Nd5
21. Nf1 Ne3+ 22. Nxe3 dxe3 23. Rf4 Bd6 24. g4 Qe5 25. Raf1 e2 0-1

[Event "9. Longericher Sommer-Open"]
[Site "9. Longericher Sommer-Open"]
[Date "2012.08.04"]
[Round "2.8"]
[White "Natterer, Marco"]
[Black "Kronseder, Michael"]
[Result "1-0"]
[WhiteElo "1673"]
[BlackElo "1549"]
[PlyCount "29"]
[EventDate "2012.??.??"]
[WhiteTeam "SF Seelscheid e.V."]
[BlackTeam "SV 1925 Hürth-Berrenra"]

1. d4 c5 2. dxc5 e6 3. Nc3 Bxc5 4. Nf3 d5 5. Bf4 Qb6 6. e3 Qxb2 7. Nb5 Bb4+ 8.
Ke2 Bd7 9. Nc7+ Kd8 10. Ne5 Nh6 11. Nxd7 Nxd7 12. Nxa8 Ne5 13. Rb1 Qc3 14. Bxe5
Qc4+ 15. Qd3 1-0

[Event "9. Longericher Sommer-Open"]
[Site "9. Longericher Sommer-Open"]
[Date "2012.08.04"]
[Round "2.9"]
[White "Rost, Vincent"]
[Black "Reinartz, Ulrich"]
[Result "0-1"]
[WhiteElo "1480"]
[BlackElo "1667"]
[PlyCount "70"]
[EventDate "2012.??.??"]
[WhiteTeam "SV Erftstadt e.V."]

1. e4 c5 2. Nf3 Nc6 3. d4 cxd4 4. Nxd4 e5 5. Nf3 Nf6 6. Nc3 Bb4 7. Bc4 O-O 8.
O-O Bxc3 9. bxc3 Nxe4 10. Qd3 Nf6 11. Ba3 d5 12. Bxd5 Qxd5 13. Bxf8 Kxf8 14. c4
Qxd3 15. cxd3 Bf5 16. Rad1 Rd8 17. Rfe1 Rxd3 18. Rc1 e4 19. Nh4 Be6 20. g3 Ne5
21. Rb1 b6 22. f4 Nxc4 23. Rbc1 Rd2 24. a4 Bd5 25. Ng2 Ra2 26. Ne3 Nxe3 27.
Rxe3 Rxa4 28. Rec3 b5 29. Rc5 Rc4 30. R1xc4 Bxc4 31. Rc8+ Ke7 32. Rc7+ Kd6 33.
Rxa7 e3 34. Kg2 e2 35. Kf2 Ng4+ 0-1

[Event "9. Longericher Sommer-Open"]
[Site "9. Longericher Sommer-Open"]
[Date "2012.08.04"]
[Round "2.11"]
[White "Kürten, Lothar"]
[Black "Flüchter, Markus"]
[Result "1/2-1/2"]
[WhiteElo "1623"]
[BlackElo "1504"]
[PlyCount "47"]
[EventDate "2012.??.??"]
[WhiteTeam "SF Köln-Longerich 195"]
[BlackTeam "SV Soest 1926"]

1. e4 e5 2. Nf3 Nc6 3. d4 exd4 4. c3 dxc3 5. Nxc3 Bc5 6. Bc4 h6 7. Bxf7+ Kxf7
8. Qd5+ Kf8 9. Qxc5+ d6 10. Qe3 Nf6 11. O-O Kf7 12. Nd4 Re8 13. f4 Kg8 14. Nxc6
bxc6 15. Qd4 c5 16. Qc4+ Be6 17. Qd3 Bd7 18. Bd2 Qb8 19. e5 Nh7 20. b3 (20.
Rae1 Qxb2 21. f5) 20... a6 21. Rae1 Qb6 22. Be3 Bb5 23. Nxb5 axb5 24. Qd5+
1/2-1/2

[Event "9. Longericher Sommer-Open"]
[Site "9. Longericher Sommer-Open"]
[Date "2012.08.04"]
[Round "2.12"]
[White "Kaesemann, Holger"]
[Black "Kossack, Philipp"]
[Result "0-1"]
[WhiteElo "1610"]
[BlackElo "1637"]
[PlyCount "190"]
[EventDate "2012.??.??"]
[WhiteTeam "SK Germania Kupferdreh 1"]
[BlackTeam "SV Erftstadt e.V."]

1. c4 Nf6 2. Nf3 c6 3. g3 d5 4. cxd5 cxd5 5. d4 Bf5 6. Bg2 Nbd7 7. O-O e6 8.
Nc3 Be7 9. Bf4 a6 10. Rc1 Nh5 11. Bd2 O-O 12. Re1 Nhf6 13. Nh4 Bg6 14. Nxg6
hxg6 15. Rc2 Nb6 16. b3 Qd7 17. e3 Nc8 18. Ne2 Nd6 19. Bb4 Nde4 20. Bxe7 Qxe7
21. f3 Nd6 22. Nf4 Rfc8 23. Ree2 Nb5 24. Qc1 Qd7 25. Nd3 Rc7 26. Rxc7 Nxc7 27.
Rc2 Nfe8 28. Nc5 Qb5 29. Bf1 Qb6 30. Nd7 Qd6 31. Ne5 Kf8 32. a3 Ke7 33. b4 g5
34. a4 f6 35. Nd3 Rb8 36. Nc5 b5 37. axb5 axb5 38. Nd3 Rb6 39. Nc5 e5 40. Bd3
Ne6 41. Bf5 N8c7 42. Rd2 Nxc5 43. dxc5 Qc6 44. Qd1 Rb8 45. Ra2 Rd8 46. Qe2 Kf7
47. Qg2 Ra8 48. Qc2 Rxa2 49. Qxa2 Qa6 50. Qb1 Qa3 51. Kf2 Qc3 52. Bd3 Qd2+ 53.
Be2 Ke6 54. g4 d4 55. Qf5+ Ke7 56. Qe4 dxe3+ 57. Qxe3 Qxb4 58. c6 Kd6 59. Qb6
Qd4+ 60. Qxd4+ exd4 61. Bd3 Kxc6 62. Ke2 Kc5 63. Kd2 Nd5 64. Bc2 b4 65. Bb3 Nf4
66. Bf7 Kb5 67. Bb3 Ka5 68. Bc2 Kb6 69. Bb3 Kc7 70. Bc4 Kd6 71. Bb3 Ke5 72. Bc4
g6 73. Bf7 f5 74. h3 Kf6 75. Bc4 Nxh3 76. Kc2 Nf2 77. Kb3 fxg4 78. fxg4 Nxg4
79. Kxb4 Kf5 80. Be2 Ne3 81. Bd3+ Ke5 82. Kb3 g4 83. Kb2 g5 84. Kc1 Nd5 85. Kd2
Nf6 86. Ke2 Kf4 87. Bc2 Ne4 88. Bd1 g3 89. Kf1 d3 90. Kg1 Nf2 91. Bh5 d2 92.
Kg2 g4 93. Bxg4 Nxg4 94. Kg1 d1=Q+ 95. Kg2 Qf3+ 0-1

[Event "9. Longericher Sommer-Open"]
[Site "9. Longericher Sommer-Open"]
[Date "2012.08.04"]
[Round "2.13"]
[White "Theißen, Frank"]
[Black "Sewald, Richard"]
[Result "1-0"]
[WhiteElo "1731"]
[BlackElo "1096"]
[PlyCount "43"]
[EventDate "2012.??.??"]
[WhiteTeam "SF 1974 Heinsberg e.V"]
[BlackTeam "SG Porz e.V."]

1. e4 e5 2. Nc3 Nf6 3. f4 d6 4. Nf3 Nc6 5. d3 Be7 6. Be2 O-O 7. O-O Bg4 8. a3
Bxf3 9. Bxf3 Nd4 10. Ne2 Nxf3+ 11. Rxf3 Nd7 12. f5 c6 13. Be3 Bg5 14. Bxg5 Qxg5
15. Rg3 Qd8 16. Kh1 d5 17. Qd2 Nc5 18. Qh6 g6 19. Rh3 Re8 20. Qxh7+ Kf8 21.
fxg6 fxg6 22. Rf1+ 1-0

[Event "9. Longericher Sommer-Open"]
[Site "9. Longericher Sommer-Open"]
[Date "2012.08.04"]
[Round "2.14"]
[White "Schröter, Ron"]
[Black "Hoffmann, Michael"]
[Result "0-1"]
[WhiteElo "1469"]
[BlackElo "1651"]
[PlyCount "56"]
[EventDate "2012.??.??"]
[WhiteTeam "SG Porz e.V."]
[BlackTeam "SG Neuss/Norf e."]

1. e4 c6 2. d4 d5 3. e5 Bf5 4. Bd3 Bxd3 5. Qxd3 e6 6. Nf3 Qa5+ 7. Bd2 Qa6 8.
Qxa6 Nxa6 9. a3 Ne7 10. Nc3 Nc8 11. h4 Nb6 12. b3 Nc7 13. h5 h6 14. Nh4 c5 15.
dxc5 Bxc5 16. f4 Be7 17. g4 Nd7 18. Ke2 O-O-O 19. f5 Nxe5 20. Bf4 Nc6 21. Bxc7
Kxc7 22. fxe6 d4 23. Ne4 Bf6 24. exf7 Rd7 25. f8=Q Rxf8 26. Nc5 Re8+ 27. Kd2
Rde7 28. Rhe1 Bg5+ 0-1

[Event "9. Longericher Sommer-Open"]
[Site "9. Longericher Sommer-Open"]
[Date "2012.08.04"]
[Round "2.15"]
[White "Smets, Heike"]
[Black "Statz, Samuel"]
[Result "0-1"]
[WhiteElo "1445"]
[BlackElo "1463"]
[PlyCount "74"]
[EventDate "2012.??.??"]
[BlackTeam "SV Erftstadt e.V."]

1. d4 Nf6 2. c4 c5 3. Nf3 e6 4. Bf4 cxd4 5. Nxd4 e5 6. Bxe5 Qa5+ 7. Nc3 Qxe5 8.
a3 Nc6 9. Nf3 Qc7 10. e3 Be7 11. Bd3 O-O 12. O-O Ne5 13. Nxe5 Qxe5 14. Qc2 Ng4
15. Bxh7+ Kh8 16. g3 Qh5 17. h4 Qxh7 18. Qxh7+ Kxh7 19. Nd5 Bf6 20. Rab1 d6 21.
Rfd1 Bf5 22. Nxf6+ Nxf6 23. Rbc1 Rac8 24. f3 Be6 25. b3 d5 26. c5 Nd7 27. b4
Ne5 28. Kf2 Rfd8 29. a4 Bf5 30. Rc3 Nd3+ 31. Rcxd3 Bxd3 32. Rxd3 a5 33. Rb3
axb4 34. Rxb4 Rxc5 35. Rxb7 Rc2+ 36. Ke1 Ra2 37. Rxf7 Rb8 0-1

[Event "9. Longericher Sommer-Open"]
[Site "9. Longericher Sommer-Open"]
[Date "2012.08.04"]
[Round "2.16"]
[White "Stupp, Gereon"]
[Black "Jansen, Kurt"]
[Result "1-0"]
[WhiteElo "1431"]
[BlackElo "1413"]
[PlyCount "75"]
[EventDate "2012.??.??"]
[WhiteTeam "SG Neuss/Norf e."]
[BlackTeam "SK Sülz-Klettenberg"]

1. e4 e6 2. d4 d5 3. Nc3 Bb4 4. e5 c5 5. a3 cxd4 6. Qxd4 Bxc3+ 7. Qxc3 Nc6 8.
Bb5 Bd7 9. Bxc6 Bxc6 10. Nf3 Rc8 11. Nd4 Qc7 12. Qg3 g6 13. Be3 Qa5+ 14. c3 Bd7
15. O-O Ne7 16. Bh6 Qb6 17. Rab1 Bb5 18. Rfd1 a6 19. Qe3 Qc7 20. Rbc1 Nc6 21.
Nxb5 axb5 22. Bg7 Rg8 23. Bf6 Na5 24. h4 Nc4 25. Qe2 Qc6 26. Rd3 h5 27. Rg3 Kd7
28. Rc2 Rce8 29. Rd3 Kc8 30. Qf3 Nb6 31. b3 Nd7 32. c4 Kb8 33. Rcc3 Nb6 34.
cxd5 Qd7 35. dxe6 Qxe6 36. Rd6 Qg4 37. Qxg4 hxg4 38. Rxb6 1-0

[Event "9. Longericher Sommer-Open"]
[Site "9. Longericher Sommer-Open"]
[Date "2012.08.04"]
[Round "2.17"]
[White "Sewald, Kathrin"]
[Black "Engel, Johann"]
[Result "0-1"]
[WhiteElo "1356"]
[BlackElo "1416"]
[PlyCount "124"]
[EventDate "2012.??.??"]
[WhiteTeam "SG Porz e.V."]
[BlackTeam "Brühler SK 1920 e.V."]

1. e4 e6 2. d4 d5 3. exd5 exd5 4. Be3 Nf6 5. a3 Be7 6. Bd3 O-O 7. Nc3 Nc6 8.
Nge2 Be6 9. Qd2 a6 10. h3 Qd7 11. g4 Ne8 12. Ng3 Nd6 13. Nh5 g6 14. Nf4 Nc8 15.
O-O-O b5 16. h4 Bxg4 17. h5 g5 18. Nfxd5 f6 19. Rde1 Bf3 20. Nxe7+ N8xe7 21.
Rhg1 h6 22. Be2 Bxe2 23. Qxe2 Nf5 24. d5 Ncd4 25. Qg4 c5 26. f4 Qg7 27. Bxd4
Nxd4 28. Ne4 f5 29. Qd1 fxe4 30. fxg5 hxg5 31. Rxe4 Rae8 32. Qd3 Kh8 33. c3
Nb3+ 34. Kd1 c4 35. Qe3 Rxe4 36. Qxe4 Qf6 37. Re1 Qf3+ 38. Qxf3 Rxf3 39. Re5 g4
40. Ke2 Rd3 41. h6 Kh7 42. Rh5 g3 43. Kf1 Rd2 44. Kg1 Rxb2 45. d6 Rd2 46. Rg5
Rxd6 47. Rxg3 Kxh6 48. Rh3+ Kg5 49. Kf2 Kf5 50. Rf3+ Ke5 51. Re3+ Kd5 52. Rh3
Kc6 53. Ke1 Nc5 54. Rh8 Na4 55. Rh3 Kb6 56. Ke2 a5 57. Ke1 Kc5 58. Rh5+ Rd5 59.
Rxd5+ Kxd5 60. Kd2 Kc5 61. Kc2 Nxc3 62. Kxc3 b4+ 0-1

[Event "9. Longericher Sommer-Open"]
[Site "9. Longericher Sommer-Open"]
[Date "2012.08.04"]
[Round "2.18"]
[White "Aquilino, Pasquale"]
[Black "Rey, Thorsten"]
[Result "1-0"]
[WhiteElo "1448"]
[BlackElo "1186"]
[PlyCount "115"]
[EventDate "2012.??.??"]
[WhiteTeam "Ford-SF Köln e.V."]
[BlackTeam "Klub Kölner SF e.V. 1"]

1. d4 Nf6 2. c4 g6 3. g3 Bg7 4. Bg2 O-O 5. Nf3 d6 6. O-O c5 7. Re1 Bf5 8. Nc3
Ne4 9. Nh4 Nxc3 10. bxc3 Bc8 11. Rb1 Nc6 12. e3 Qa5 13. Qc2 Qc7 14. Bd2 Bd7 15.
d5 Ne5 16. Bf1 Qc8 17. f4 Ng4 18. Nf3 f5 19. Re2 Nf6 20. h3 Ne4 21. Kh2 a6 22.
Ng5 Nxg5 23. fxg5 Be5 24. Rc1 b5 25. Rf2 Qb7 26. Qb3 Rfb8 27. Rb1 Ra7 28. Qd1
e6 29. Bg2 Qb6 30. e4 exd5 31. cxd5 c4 32. Qe2 Qa5 33. Rb2 Rf8 34. Rc2 Raa8 35.
Bf4 Rae8 36. Bxe5 Rxe5 37. Qf1 Qd8 38. h4 fxe4 39. Rxf8+ Qxf8 40. Rf2 Qe7 41.
Qe1 Bf5 42. Qe3 Qc7 43. Bh3 Qc5 44. Qxc5 dxc5 45. g4 e3 46. gxf5 Rxd5 47. Rf1
Rd2+ 48. Kg3 Rxa2 49. Kf3 Rf2+ 50. Rxf2 exf2 51. Kxf2 Kf7 52. f6 a5 53. Bd7 a4
54. Bxb5 a3 55. Bxc4+ Kf8 56. Ke3 Ke8 57. Ke4 Kf8 58. Kd5 1-0

[Event "9. Longericher Sommer-Open"]
[Site "9. Longericher Sommer-Open"]
[Date "2012.08.04"]
[Round "2.19"]
[White "Yon, Gregory"]
[Black "Wilde, Christian"]
[Result "1-0"]
[WhiteElo "1418"]
[BlackElo "1155"]
[PlyCount "113"]
[EventDate "2012.??.??"]
[WhiteTeam "Turnerschaft Bergisch-Gladbach 1"]
[BlackTeam "SF Köln-Longerich 195"]

1. c4 c5 2. Nf3 Nc6 3. g3 e5 4. Nc3 Nf6 5. Bg2 Be7 6. O-O O-O 7. e4 d6 8. d3
Nd4 9. Nxd4 cxd4 10. Ne2 Rb8 11. a3 b5 12. b4 bxc4 13. dxc4 Be6 14. Bg5 Bxc4
15. Rc1 d5 16. Bxf6 Bxf6 17. Re1 a5 18. exd5 Bxd5 19. Bxd5 Qxd5 20. Rc5 Qf3 21.
Rxa5 Rbc8 22. Nc1 Qc3 23. Nd3 Ra8 24. Rxa8 Rxa8 25. a4 Re8 26. f3 h5 27. b5 Bd8
28. Rxe5 Rxe5 29. Nxe5 Qe3+ 30. Kf1 Qxe5 31. Qb3 Ba5 32. b6 Qe1+ 33. Kg2 Qe2+
34. Kg1 Bxb6 35. Qxb6 d3 36. Qf2 Qd1+ 37. Qf1 Qxf1+ 38. Kxf1 d2 39. Ke2 d1=Q+
40. Kxd1 Kf8 41. Kd2 Ke7 42. Kc3 Kd7 43. Kc4 Kc6 44. a5 f6 45. f4 g6 46. h3 g5
47. f5 g4 48. h4 Kb7 49. Kd5 Ka6 50. Ke6 Kxa5 51. Kxf6 Kb5 52. Kg6 Kc6 53. f6
Kd6 54. Kg7 Ke5 55. f7 Ke4 56. f8=Q Ke3 57. Kg6 1-0

[Event "9. Longericher Sommer-Open"]
[Site "9. Longericher Sommer-Open"]
[Date "2012.08.04"]
[Round "2.20"]
[White "Kolbasnikov, Igor"]
[Black "Lechner, Alexander"]
[Result "0-1"]
[WhiteElo "1414"]
[BlackElo "1151"]
[PlyCount "38"]
[EventDate "2012.??.??"]
[WhiteTeam "SF Köln-Longerich 195"]
[BlackTeam "Godesberger SK 1929 e.V."]

1. e4 e5 2. Nf3 Nc6 3. d4 exd4 4. Bc4 Bc5 5. Ng5 Nh6 6. Qh5 O-O 7. Nxh7 Kxh7 8.
Qxc5 d6 9. Qh5 Bg4 10. Qb5 a6 11. Qxb7 Qe8 12. Bd3 d5 13. f3 dxe4 14. fxe4 f5
15. O-O Ne5 16. Bxh6 Kxh6 17. h3 Bxh3 18. gxh3 Qg6+ 19. Kh2 f4 0-1

[Event "9. Longericher Sommer-Open"]
[Site "9. Longericher Sommer-Open"]
[Date "2012.08.04"]
[Round "2.21"]
[White "Westphal, Gerhard"]
[Black "Kaiser, Anton"]
[Result "1-0"]
[WhiteElo "1406"]
[BlackElo "1124"]
[PlyCount "59"]
[EventDate "2012.??.??"]
[WhiteTeam "Ford-SF Köln e.V."]
[BlackTeam "SV 1925 Hürth-Berrenra"]

1. d4 d5 2. c4 e6 3. Nf3 Nf6 4. Nc3 Be7 5. Bf4 O-O 6. a3 b6 7. e3 Ba6 8. Nb5 c6
9. Nc7 Bd6 10. Bxd6 Qxd6 11. Nxa8 Qd7 12. Qa4 b5 13. cxb5 cxb5 14. Qa5 Rc8 15.
Be2 Qc6 16. O-O Qxa8 17. Bxb5 Qb7 18. Bxa6 Nxa6 19. Rac1 Nd7 20. Rxc8+ Qxc8 21.
Ne5 Nb6 22. Qc3 f6 23. Qxc8+ Nxc8 24. Nc6 Nc7 25. Rc1 h6 26. Nd8 Nd6 27. Rxc7
a5 28. Nxe6 Nc4 29. Rxg7+ Kh8 30. Ra7 1-0

[Event "9. Longericher Sommer-Open"]
[Site "9. Longericher Sommer-Open"]
[Date "2012.08.04"]
[Round "2.22"]
[White "Schröter, Sophie"]
[Black "Niesel, Tobias"]
[Result "0-1"]
[WhiteElo "1109"]
[BlackElo "1401"]
[PlyCount "66"]
[EventDate "2012.??.??"]
[WhiteTeam "SG Porz e.V."]
[BlackTeam "Brühler SK 1920 e.V."]

1. e4 c6 2. Nf3 d5 3. exd5 cxd5 4. Bb5+ Bd7 5. Bxd7+ Nxd7 6. Nc3 e6 7. d4 Bd6
8. Ne5 Nxe5 9. dxe5 Bxe5 10. Qg4 Qf6 11. Qa4+ Kf8 12. Qa3+ Qe7 13. Qxe7+ Kxe7
14. O-O Nf6 15. Bg5 Rac8 16. Bd2 Rhd8 17. Rfe1 Bd6 18. Bg5 Bb4 19. Bd2 Ke8 20.
a3 Bxc3 21. Bxc3 d4 22. Bb4 Rxc2 23. Rab1 Ng4 24. f3 Ne3 25. g4 b6 26. Rec1 d3
27. Rxc2 dxc2 28. Rc1 Rd1+ 29. Be1 Rxc1 30. Kf2 Rxe1 31. Kxe1 c1=Q+ 32. Kf2
Qd2+ 33. Kg1 Qg2# 0-1

[Event "9. Longericher Sommer-Open"]
[Site "9. Longericher Sommer-Open"]
[Date "2012.08.04"]
[Round "2.23"]
[White "Oerder, Timon"]
[Black "Reiter, Ute"]
[Result "1-0"]
[WhiteElo "1332"]
[BlackElo "1111"]
[PlyCount "93"]
[EventDate "2012.??.??"]
[WhiteTeam "SV Fideler Bauer Lever"]
[BlackTeam "Brühler SK 1920 e.V."]

1. d4 d5 2. c4 dxc4 3. e3 Nf6 4. Bxc4 e6 5. Nc3 Be7 6. Nf3 O-O 7. O-O a6 8. e4
b5 9. Bb3 Bb7 10. Bc2 Nbd7 11. e5 Nd5 12. Qd3 f5 13. exf6 N5xf6 14. Ng5 Bd5 15.
Nxd5 exd5 16. Bb3 c6 17. Ne6 Qb6 18. Nxf8 Nxf8 19. Be3 Ng6 20. f4 Bd6 21. Rae1
Qc7 22. g3 Ng4 23. Bd2 Qd7 24. f5 Nf8 25. h3 Nf6 26. g4 Qf7 27. Qc3 Qc7 28. Qc1
Bh2+ 29. Kh1 Qg3 30. Bf4 Qxh3 31. Bxh2 Nxg4 32. Qf4 h6 33. Rf3 Qh5 34. Bd1 Qh4
35. Rg1 h5 36. Rff1 Nh7 37. Bxg4 hxg4 38. Qxg4 Qh6 39. Rf3 Re8 40. Rh3 Qf6 41.
Be5 Rxe5 42. dxe5 Qxe5 43. Rg2 Qe1+ 44. Kh2 Qe5+ 45. Rhg3 Qf6 46. Qxg7+ Qxg7
47. Rxg7+ 1-0

[Event "9. Longericher Sommer-Open"]
[Site "9. Longericher Sommer-Open"]
[Date "2012.08.04"]
[Round "2.25"]
[White "Rebischke, Florian"]
[Black "Dijkhuis, Oele"]
[Result "0-1"]
[WhiteElo "1305"]
[BlackElo "988"]
[PlyCount "62"]
[EventDate "2012.??.??"]
[WhiteTeam "SF Köln-Mülheim e.V."]
[BlackTeam "Moira Domtoren Utrecht"]

1. e4 e5 2. f4 d5 3. exd5 Qxd5 4. Nc3 Qd4 5. Nf3 Bg4 6. Be2 Bxf3 7. Bxf3 Nc6 8.
Nb5 Qd7 9. O-O a6 10. Nc3 Bc5+ 11. Kh1 O-O-O 12. a3 Nf6 13. Ne4 Nxe4 14. Bxe4
f6 15. fxe5 Kb8 16. exf6 gxf6 17. Rxf6 Qd4 18. Bxc6 Qxf6 19. Bf3 Rhe8 20. d3
Bf2 21. Bd2 Qh4 22. Qc1 Rg8 23. b4 Bd4 24. c3 Be5 25. Qg1 Rxd3 26. Be1 Qh6 27.
Be4 Rh3 28. g3 Bxg3 29. Bxg3 Rgxg3 30. Qf2 Rxc3 31. Rd1 Rxh2+ 0-1

[Event "9. Longericher Sommer-Open"]
[Site "9. Longericher Sommer-Open"]
[Date "2012.08.04"]
[Round "2.27"]
[White "Vjazner, Lilian"]
[Black "Schröter, Heinz-Jürgen"]
[Result "1-0"]
[WhiteElo "954"]
[BlackElo "1215"]
[PlyCount "67"]
[EventDate "2012.??.??"]
[WhiteTeam "Klub Kölner SF e.V. 1"]
[BlackTeam "SV Horrem 1948"]

1. e4 e5 2. Nf3 Nc6 3. Bb5 Bc5 4. Nxe5 Nxe5 5. d4 Bb6 6. dxe5 a6 7. Bc4 Ne7 8.
Nd2 O-O 9. O-O Ng6 10. Kh1 Nxe5 11. Be2 d6 12. f4 Ng6 13. f5 Ne5 14. Nf3 f6 15.
Nd4 Bxd4 16. Qxd4 c5 17. Qd5+ Kh8 18. Rg1 Nc6 19. Bc4 Nb4 20. Qd1 b5 21. Bd5
Nxd5 22. Qxd5 Rb8 23. Bf4 Bb7 24. Qxd6 Qa5 25. Qxc5 Rbc8 26. Qe7 Bc6 27. Qe6
Rfe8 28. Qb3 Bxe4 29. c3 Bxf5 30. Rae1 Be4 31. h3 Rcd8 32. c4 Rd3 33. Qxd3 Qxe1
34. Rxe1 1-0